| 000 | 01728 a2200229 4500 | ||
|---|---|---|---|
| 020 | _a0813379857 | ||
| 020 | _a9780813379852 | ||
| 082 | 0 | 4 | _a954.9105 |
| 090 |
_c2231 _d2231 |
||
| 100 | 1 | _aBurki, Shahid Javed. | |
| 245 | 1 | 0 |
_aPakistan under the military : _beleven years of zia ul-haq / _cShahid Javed Burki. |
| 260 |
_a[S.l.] : _bWestview Press, _c1991. |
||
| 300 | _a212 p. | ||
| 490 | 1 | _aWestview special studies on south and southeast asia. | |
| 500 | _aHardcover. | ||
| 520 | _aThe military regime of Zia ul-Haq began as an ostensible emergency response to allegations of election-rigging by the Bhutto government in 1977. It was meant to last 90 days - instead it endured for over 11 years. As Pakistan emerged from its relative isolation to become an increasingly major international actor in the wake of the Soviet invasion of Afghanistan, Zia retained his grip on the reins of power and continued to restructure the nation to his vision as an Islamic state. This book analyzes the political, economic, legal and administrative structures of Pakistan as they were formed and transformed by Zia during his controversial career. In addition to the analytical chapters - which are partly based on each of the authors' personal interviews with Zia - researchers will find a valuable reference resource in a chronology, biographical sketches of key personages and an extensive bibliography. | ||
| 700 | 1 | _aBaxter, Craig. | |
| 830 | 0 | _aWestview special studies on south and southeast asia. | |
| 856 | 4 | 0 |
_3Amazon.com _uhttp://www.amazon.com/exec/obidos/ASIN/0813379857/chopaconline-20 |
| 856 | 4 | 0 |
_3Amazon customer reviews _uhttp://www.chopac.org/cgi-bin/tools/azrev.pl?q=0813379857 |
| 942 |
_aNBS _cBK _k954.9105 BUR |
||
| 999 |
_c344733 _d344733 |
||